1675 1355 1234 1077 1520 1750 1694 1270 1024 1673 1391 1083 1630 1834 1118 1474 1909 1689 1506 1528 1736 1894 1852 1235 1247 1067 1117 1595 1457 1825 1244 1368 1128 1296 1824 1660 1102 1989 1719 1831 1132 1605 1049 1996 1629 1080 1118 1025 1505 1882 1146 1888 1095 1203 1100 1780 1933 1481 1585 1488 1296 1087 1016 1662 1435 1851 1084 1831 1615 1993 1069 1948 1156 1984 1906 1957 1040 1617 1157 1579 1822 1173 1168 1084 1039 1500 1849 1110 1877 1748 1566 1985 1748 1663 1881 1497 1672 1608 1675 BCNSPRNW ULIB Ver.6.0+V

เปลี่ยนเป็นภาษาไทย

Change to English
 แสดงรายละเอียดบรรณานุกรม
  กลับหน้าหลัก

Brief Record : Get Marc (ISO 2709) : E-mail record : QR code < ปิดหน้าต่าง
LEADER : 00000nam 2200000uu 4500
001    13399109447
003     ULIB
008    110401s2543||||th 000 0 tha d
020    9748317447
060 04 WB110^bน922ก 2543
245 00 แนวทางเวชปฏิบัติอิงหลักฐานการตรวจและการสร้างเสริมสุขภาพในประเทศไทย =^bEvidence-based clinical practice guideline periodic health examination and maintenance in Thailand /^cสุรจิต สุนทรธรรม, บรรณาธิการ
246 31 Evidence-based clinical practice guideline periodic healthexamination and maintenance in Thailand
250    พิมพ์ครั้งที่ 1
260    กรุงเทพฯ :^bสถาบันวิจัยระบบสาธารณสุข,^c2543
300    451 หน้า ;^c27 ซม.
504    บรรณานุกรม
650  2 Physical Examination
650  7 การตรวจร่างกาย
650  7 การส่งเสริมสุขภาพ
650  7 เวชศาสตร์ป้องกัน
700 0  สุรจิต สุนทรธรรม,^eบรรณาธิการ
710 2  สถาบันวิจัยระบบสาธารณสุข
945    ^p450^l0^i013755
945    ^p450^l0^i013754
945    ^p450^l0^i013753
995    ทศพร
999 ^a ใช้งานได้ทุกระบบ
รายการนี้ยังไม่มีแท็ก
คุณยังไม่ได้ล็อกอิน คุณสามารถมีกิจกรรมร่วมกับเว็บไซต์ได้ แต่ต้องล็อกอินก่อน ::
  ล็อกอิน

รายการสื่อสารสนเทศ

ลำดับที่ ประเภท เลขเรียก/บาร์โค้ด สถานที่ สถานะ
- ไม่พบข้อมูล -

รายการใกล้เคียง
    หัวเรื่อง [Physical Examination]
    หัวเรื่อง [การตรวจร่างกาย]
    หัวเรื่อง [การส่งเสริมสุขภาพ]
    หัวเรื่อง [เวชศาสตร์ป้องกัน]

BibComment


ยังไม่เคยถูกคอมเมนท์

คอมเมนท์ทรัพยากรรายการนี้
  คอมเมนท์: แนวทางเวชปฏิบัติอ..


 Copyright 2026. Bcnsprnw @Library